书目信息 |
| 题名: |
专利实施许可合同文本及相关法律规定
|
|
| 作者: | ;中国法制出版社 编 | |
| 分册: | ||
| 出版信息: | 北京 中国法制出版社 2003.03 |
|
| 页数: | 195页 | |
| 开本: | 21cm | |
| 丛书名: | 法律文书及相关规定丛书 | |
| 单 册: | ||
| 中图分类: | D923.429 | |
| 科图分类: | ||
| 主题词: | 专利法--法规--中国--汇编 , 专利法--合同法--法律文书--中国 | |
| 电子资源: | ||
| ISBN: | 7-80182-063-0 | |
| 000 | 00970nam2 2200253 450 | |
| 001 | 010266720311 | |
| 005 | 20050906155705.97 | |
| 010 | @a7-80182-063-0@dCNY10.00 | |
| 100 | @a20050620d2003 km y0chiy0120 ea | |
| 101 | 0 | @achi |
| 102 | @aCN@b110000 | |
| 105 | @ay n 000yy | |
| 200 | 1 | @a专利实施许可合同文本及相关法律规定@Azhuan li shi shi xu ke he tong wen ben ji xiang guan fa lu gui ding@f中国法制出版社编@Fzhong guo fa zhi chu ban she bian |
| 210 | @a北京@c中国法制出版社@d2003.03 | |
| 215 | @a195页@d21cm | |
| 225 | 2 | @a法律文书及相关规定丛书@v31 |
| 330 | @a本书内容有:第一部分,专利实施许可合同文本;第二部分,相关法律规定,内容有:专利法、民法通则、科学技术进步法等。 | |
| 410 | 0 | @12001 @a法律文书及相关规定丛书 |
| 606 | 0 | @a专利法@x法规@y中国@j汇编 |
| 606 | 0 | @a专利法@x合同法@x法律文书@y中国 |
| 690 | @aD923.429@v4 | |
| 711 | 02 | @a中国法制出版社@Azhong guo fa zhi chu ban she@4编 |
| 801 | 0 | @aCN@bQSSK@c20050906 |
| 905 | @a10447@dD923.429@eZ494 | |
| 专利实施许可合同文本及相关法律规定/中国法制出版社编.-北京:中国法制出版社,2003.03 |
| 195页;21cm.-(法律文书及相关规定丛书;31) |
| ISBN 7-80182-063-0:CNY10.00 |
| 本书内容有:第一部分,专利实施许可合同文本;第二部分,相关法律规定,内容有:专利法、民法通则、科学技术进步法等。 |
| ● |
| 相关链接 |
|
|
|
正题名:专利实施许可合同文本及相关法律规定
索取号:D923.429/Z494
 
预约/预借
| 序号 | 登录号 | 条形码 | 馆藏地/架位号 | 状态 | 备注 |
| 1 | 560429 | 205604292 | 社科库509/509社科库 92排7列1层/ [索取号:D923.429/Z494] | 在馆 | |
| 2 | 560430 | 205604309 | 社科库509/509社科库 92排7列1层/ [索取号:D923.429/Z494] | 在馆 | |
| 3 | 560431 | 205604318 | 社科库509/509社科库 92排7列1层/ [索取号:D923.429/Z494] | 在馆 |